000 00361nam a22001577a 4500
020 _a8181110560
082 _aH3
_bPUS/K
100 _aPushpa Chile
245 _aKeshar/
_cby Pushpa Chile
260 _aMadurai:
_bJawahar Pusthakalay,
_c2007.
300 _a96p.
650 _aNovel Hindi
650 _aLiterature Hindi
650 _aLiterature
942 _cBK
999 _c72040
_d72040